[Event "BL 1718 USV Dresden - MSA Zugzwang"]
[Site "?"]
[Date "2018.03.11"]
[Round "12.4"]
[White "Bartel, Mateusz"]
[Black "Zysk, Robert"]
[Result "1-0"]
[WhiteElo "2609"]
[BlackElo "2428"]
[PlyCount "89"]
[EventDate "2018.03.11"]
[EventType "team-tourn"]

1. d4 e6 2. Bf4 Nf6 3. e3 b6 4. Qf3 Nc6 5. Nc3 Bb4 6. Nge2 Nd5 7. a3 Bxc3+ 8.
Nxc3 Nxf4 9. Qxf4 Bb7 10. O-O-O Ne7 11. e4 O-O 12. h4 f5 13. e5 a6 14. h5 b5
15. Rg1 Rf7 16. Rd3 Qf8 17. Rh3 Rc8 18. Qd2 Nd5 19. Nxd5 Bxd5 20. Qa5 c6 21.
Bd3 d6 22. f4 dxe5 23. dxe5 c5 24. Rd1 Bxg2 25. Rg3 Bd5 26. Bf1 c4 27. Bg2 Bxg2
28. Rxg2 Qc5 29. Qxa6 Re8 30. h6 g6 31. Qd6 Qe3+ 32. Qd2 Qc5 33. Qc3 Qf8 34.
Qh3 c3 35. Qxc3 Qxh6 36. Qb4 Rc8 37. Rgd2 Rc4 38. Qxb5 Qxf4 39. Kb1 Rcc7 40.
Qe8+ Kg7 41. Rd8 Qh2 42. Qh8+ Kh6 43. R8d2 Qh4 44. Qa8 Qe4 45. Rh1+ 1-0

[Event "BL 1718 USV Dresden - MSA Zugzwang"]
[Site "?"]
[Date "2018.03.11"]
[Round "12.5"]
[White "Hoffmeyer, Falk"]
[Black "Paehtz, Elisabeth"]
[Result "1/2-1/2"]
[WhiteElo "2334"]
[BlackElo "2468"]
[PlyCount "105"]
[EventDate "2018.03.11"]
[EventType "team-tourn"]

1. d4 d6 2. c4 g6 3. Nc3 Bg7 4. Nf3 Nf6 5. e3 O-O 6. Be2 Nc6 7. d5 Nb8 8. O-O
Na6 9. Nd4 e5 10. dxe6 fxe6 11. Rb1 e5 12. Nc2 Be6 13. b4 Nb8 14. e4 Nc6 15.
Be3 Nh5 16. Bxh5 gxh5 17. Nd5 h4 18. h3 Kh8 19. Qh5 a5 20. Bg5 Qd7 21. b5 Bxd5
22. cxd5 Nb4 23. Nxb4 axb4 24. Rxb4 Bf6 25. Qxh4 Bxg5 26. Qxg5 Rxa2 27. Rb3 Rf4
28. Rg3 Ra8 29. Rg4 Raf8 30. Rxf4 exf4 31. Qh6 Qe7 32. f3 Kg8 33. Rc1 Qd7 34.
Qg5+ Kh8 35. Qh6 Kg8 36. Kh1 Qe7 37. Kh2 Rf7 38. Ra1 Qd8 39. Qe6 Kg7 40. e5
dxe5 41. Qxe5+ Qf6 42. Re1 Qxe5 43. Rxe5 Kf6 44. Re4 Kf5 45. g4+ fxg3+ 46. Kxg3
Rg7+ 47. Kf2 Rd7 48. Rh4 Rxd5 49. Rxh7 Kf6 50. Rxc7 Rxb5 51. Kg3 Rg5+ 52. Kf4
Rf5+ 53. Kg4 1/2-1/2

[Event "BL 1718 USV Dresden - MSA Zugzwang"]
[Site "?"]
[Date "2018.03.11"]
[Round "12.6"]
[White "Vogel, Roven"]
[Black "Schramm, Christian"]
[Result "1-0"]
[WhiteElo "2438"]
[BlackElo "2374"]
[PlyCount "89"]
[EventDate "2018.03.11"]
[EventType "team-tourn"]

1. d4 Nf6 2. c4 e6 3. Nf3 Be7 4. Nc3 d5 5. Bf4 O-O 6. e3 c6 7. h3 b6 8. Bd3
dxc4 9. Bxc4 Nd5 10. O-O Nxf4 11. exf4 Nd7 12. Qe2 Bb7 13. Rad1 Qc7 14. f5 Kh8
15. fxe6 fxe6 16. Bxe6 Bd6 17. Ng5 Nf6 18. Bb3 Rae8 19. Qd3 Bc8 20. Rde1 Bh2+
21. Kh1 Rxe1 22. Rxe1 Bf4 23. Ne6 Bxe6 24. Rxe6 Qd7 25. Qc4 b5 26. Qc5 Re8 27.
Re2 Bd6 28. Rxe8+ Nxe8 29. Qh5 Nf6 30. Qf3 Bc7 31. Ne2 a5 32. a4 Qd6 33. g3
bxa4 34. Bxa4 Qb4 35. Qxc6 Qxb2 36. Bb5 Qb1+ 37. Kh2 Qf5 38. Kg1 h5 39. Bc4
Qb1+ 40. Kh2 Qf5 41. Qxc7 Qxf2+ 42. Kh1 a4 43. Qb8+ Kh7 44. Bd3+ g6 45. Qf4 1-0

[Event "BL 1718 USV Dresden - MSA Zugzwang"]
[Site "?"]
[Date "2018.03.11"]
[Round "12.7"]
[White "Gerigk, Erasmus"]
[Black "Moehn, Hans"]
[Result "0-1"]
[WhiteElo "2345"]
[BlackElo "2355"]
[PlyCount "56"]
[EventDate "2018.03.11"]
[EventType "team-tourn"]

1. e4 c6 2. c4 d5 3. cxd5 cxd5 4. exd5 Nf6 5. Nc3 Nxd5 6. d4 Nxc3 7. bxc3 g6 8.
Nf3 Bg7 9. Be2 O-O 10. O-O Qc7 11. Qb3 Nc6 12. Bg5 Rd8 13. Rab1 b6 14. Bh4 Bb7
15. Rfe1 Rd7 16. Bg3 Qd8 17. h4 Rc8 18. Ng5 e6 19. Bb5 Bf6 20. Bf4 Rd5 21. Bf1
Na5 22. Qa3 Rf5 23. Be3 Be7 24. Qc1 Nc4 25. Bd3 Nxe3 26. fxe3 Bxg5 27. Bxf5
Bxh4 28. Bd3 Bg3 0-1

[Event "BL 1718 USV Dresden - MSA Zugzwang"]
[Site "?"]
[Date "2018.03.11"]
[Round "12.8"]
[White "Loxine, Jakov"]
[Black "Eichler, Christoph"]
[Result "1/2-1/2"]
[WhiteElo "2397"]
[BlackElo "2299"]
[PlyCount "89"]
[EventDate "2018.03.11"]
[EventType "team-tourn"]

1. c4 e6 2. Nc3 d5 3. d4 Nf6 4. cxd5 Nxd5 5. e4 Nxc3 6. bxc3 c5 7. a3 g6 8. Nf3
Bg7 9. Bd3 Nc6 10. e5 cxd4 11. cxd4 O-O 12. Be4 f6 13. exf6 Bxf6 14. Be3 Qa5+
15. Kf1 Bd7 16. h4 Ne7 17. h5 g5 18. h6 Nf5 19. Bd2 Qd8 20. Bb4 Re8 21. Kg1 a5
22. Bc3 Rc8 23. Qd2 Bc6 24. Bxa5 b6 25. Bxc6 Rxc6 26. Bb4 Nxd4 27. Nxd4 Qxd4
28. Qxd4 Bxd4 29. Ra2 Rc1+ 30. Kh2 Rxh1+ 31. Kxh1 Kf7 32. Rc2 Kg6 33. g4 Kxh6
34. Kg2 Kg6 35. Kf3 h5 36. gxh5+ Kxh5 37. Ke4 Rd8 38. f3 Kg6 39. Rd2 Bf6 40.
Rxd8 Bxd8 41. a4 Bc7 42. Bd2 Kh5 43. Be3 g4 44. fxg4+ Kxg4 45. Bxb6 1/2-1/2

[Event "BL 1718 SV Werder Bremen - USV Dresden"]
[Site "?"]
[Date "2018.04.29"]
[Round "13.1"]
[White "Nisipeanu, Liviu-Dieter"]
[Black "Fressinet, Laurent"]
[Result "1/2-1/2"]
[WhiteElo "2681"]
[BlackElo "2651"]
[PlyCount "43"]
[EventDate "2018.??.??"]
[EventType "team-tourn"]

1. e4 e5 2. Nf3 Nc6 3. Bb5 a6 4. Ba4 Nf6 5. d3 b5 6. Bb3 Bc5 7. Nc3 d6 8. Nd5
h6 9. c3 Be6 10. Nxf6+ Qxf6 11. O-O Ba7 12. Kh1 O-O 13. Ng1 Na5 14. Bd5 c6 15.
Bxe6 Qxe6 16. f4 exf4 17. Nh3 f5 18. Nxf4 Qf7 19. Nh5 Qg6 20. Nf4 Qf7 21. Nh5
Qg6 22. Nf4 1/2-1/2

[Event "BL 1718 SV Werder Bremen - USV Dresden"]
[Site "?"]
[Date "2018.04.29"]
[Round "13.2"]
[White "Edouard, Romain"]
[Black "Boensch, Uwe"]
[Result "1-0"]
[WhiteElo "2623"]
[BlackElo "2563"]
[PlyCount "85"]
[EventDate "2018.??.??"]
[EventType "team-tourn"]

1. e4 c5 2. Nf3 e6 3. d4 cxd4 4. Nxd4 Nc6 5. Nc3 d6 6. Be3 Nge7 7. Be2 Ng6 8.
Qd2 Be7 9. O-O-O a6 10. Kb1 Bd7 11. f4 O-O 12. Nf3 b5 13. h4 Qa5 14. h5 b4 15.
Nd5 exd5 16. hxg6 fxg6 17. Qxd5+ Qxd5 18. exd5 Na5 19. Nd4 Rfc8 20. Ne6 Nc4 21.
Bd4 Bf6 22. Bf3 Bxd4 23. Rxd4 Ra7 24. Be4 a5 25. Rh3 Nb6 26. g4 Rc4 27. Rxc4
Nxc4 28. Kc1 Nb6 29. b3 Bxe6 30. dxe6 d5 31. Bd3 Re7 32. f5 gxf5 33. gxf5 Nc8
34. Kd2 g6 35. Rg3 Nd6 36. fxg6 Ne4+ 37. Bxe4 dxe4 38. gxh7+ Kxh7 39. Rg5 Rxe6
40. Rxa5 e3+ 41. Ke2 Rc6 42. Kxe3 Rxc2 43. Ra4 1-0

[Event "BL 1718 SV Werder Bremen - USV Dresden"]
[Site "?"]
[Date "2018.04.29"]
[Round "13.4"]
[White "Nyback, Tomi"]
[Black "Neef, Maximilian"]
[Result "0-1"]
[WhiteElo "2579"]
[BlackElo "2455"]
[PlyCount "92"]
[EventDate "2018.??.??"]
[EventType "team-tourn"]

1. d4 Nf6 2. c4 g6 3. Nc3 Bg7 4. e4 d6 5. Be2 O-O 6. Be3 Na6 7. Nf3 c5 8. O-O
Ng4 9. Bg5 h6 10. Bh4 cxd4 11. Nxd4 Bxd4 12. Bxg4 Bxc3 13. bxc3 Nc5 14. Bf3 Be6
15. Qd4 Qc7 16. Be2 f6 17. f4 Bf7 18. e5 dxe5 19. fxe5 Ne6 20. Qe3 Qxe5 21.
Qxe5 fxe5 22. Bf3 g5 23. Bf2 Nf4 24. Bxb7 Bxc4 25. Bxa8 Bxf1 26. Kxf1 Rxa8 27.
Rd1 Kf7 28. g3 Ne6 29. Ke2 a6 30. Rd5 Rc8 31. Kd3 Kf6 32. Be3 h5 33. c4 Kf5 34.
h3 h4 35. g4+ Kf6 36. Ra5 Rc6 37. c5 Nf4+ 38. Ke4 Ke6 39. Ra3 Nxh3 40. Rb3 Nf4
41. Rb6 Rxb6 42. cxb6 Kd7 43. Kxe5 Ne2 44. Ke4 h3 45. Kf3 h2 46. Kg2 Ng3 0-1

[Event "BL 1718 SV Werder Bremen - USV Dresden"]
[Site "?"]
[Date "2018.04.29"]
[Round "13.5"]
[White "Maiwald, Jens-Uwe"]
[Black "Babula, Vlastimil"]
[Result "1/2-1/2"]
[WhiteElo "2441"]
[BlackElo "2557"]
[PlyCount "61"]
[EventDate "2018.??.??"]
[EventType "team-tourn"]

1. g3 c5 2. Bg2 g6 3. e4 Bg7 4. d3 Nc6 5. f4 d5 6. exd5 Nb4 7. Nc3 Nf6 8. Nf3
Nfxd5 9. Ne4 Nc6 10. c3 b6 11. O-O O-O 12. Re1 Ba6 13. Qa4 Qc8 14. Nf2 Bb7 15.
Ne5 Rd8 16. Bd2 Nxe5 17. fxe5 Nc7 18. Bxb7 Qxb7 19. Qh4 Ne6 20. Re4 Rd5 21.
Rae1 Qc7 22. Bh6 Bxe5 23. Ng4 Bd6 24. Rxe6 fxe6 25. Ne3 Re5 26. Rf1 Qc6 27. Qf4
Qe8 28. Qg4 Qc6 29. Qf4 Qe8 30. Qg4 Qc6 31. Qf4 1/2-1/2

[Event "BL 1718 SV Werder Bremen - USV Dresden"]
[Site "?"]
[Date "2018.04.29"]
[Round "13.6"]
[White "Werle, Jan"]
[Black "Tischbierek, Raj"]
[Result "1/2-1/2"]
[WhiteElo "2524"]
[BlackElo "2434"]
[PlyCount "119"]
[EventDate "2018.??.??"]
[EventType "team-tourn"]

1. d4 d6 2. Nf3 Bg4 3. Nbd2 Nd7 4. h3 Bh5 5. e4 e5 6. c3 c6 7. Bd3 Be7 8. O-O
Ngf6 9. Re1 O-O 10. Nf1 Re8 11. Ng3 Bg6 12. Bc2 Bf8 13. Nh4 d5 14. Nxg6 hxg6
15. Bg5 exd4 16. Qxd4 Bc5 17. Qd2 Qc7 18. Bf4 Bd6 19. Bxd6 Qxd6 20. Rad1 Qc7
21. exd5 Nxd5 22. Ne4 N7f6 23. Ng5 Rxe1+ 24. Rxe1 Re8 25. Rxe8+ Nxe8 26. Bb3
Nef6 27. g3 a6 28. h4 Qe7 29. Qd4 Kf8 30. Qa7 Ne8 31. Bxd5 cxd5 32. Qb6 Nf6 33.
Kf1 Qd7 34. Ke2 Kg8 35. b3 Ne4 36. Nxe4 dxe4 37. Qd4 Qg4+ 38. Kd2 Kh7 39. Qe3
Qd7+ 40. Kc2 f5 41. c4 Qd6 42. c5 Qe5 43. Qc3 Qd5 44. a4 a5 45. Kb2 Qd1 46. Qe3
Kh8 47. Kc3 Qa1+ 48. Kc4 Qf1+ 49. Kd5 Qd3+ 50. Ke6 Kh7 51. Ke5 Qd1 52. h5 Qa1+
53. Kd6 Qf6+ 54. Kc7 Qc6+ 55. Kb8 gxh5 56. Qg5 Qxc5 57. Qxh5+ Kg8 58. Kxb7 Qxf2
59. Qe8+ Kh7 60. Qh5+ 1/2-1/2

[Event "BL 1718 SV Werder Bremen - USV Dresden"]
[Site "?"]
[Date "2018.04.29"]
[Round "13.7"]
[White "Moehn, Hans"]
[Black "Zumsande, Martin"]
[Result "1/2-1/2"]
[WhiteElo "2352"]
[BlackElo "2450"]
[PlyCount "51"]
[EventDate "2018.??.??"]
[EventType "team-tourn"]

1. Nf3 d5 2. g3 Nf6 3. Bg2 e6 4. O-O Be7 5. c4 O-O 6. d4 dxc4 7. Qc2 b6 8. Nbd2
Bb7 9. Nxc4 Nbd7 10. Rd1 c5 11. dxc5 Bxc5 12. Nce5 Qc7 13. Nc4 Be4 14. Qa4 Bc6
15. Qc2 e5 16. Be3 Be4 17. Qa4 b5 18. Qxb5 Rab8 19. Qa6 Bxe3 20. Nxe3 Rxb2 21.
Rac1 Qb6 22. Qxb6 axb6 23. Rd2 Rxd2 24. Nxd2 Bxg2 25. Kxg2 Ra8 26. Rc2 1/2-1/2

[Event "BL 1718 SV Werder Bremen - USV Dresden"]
[Site "?"]
[Date "2018.04.29"]
[Round "13.8"]
[White "Grigorian, Spartak"]
[Black "Loxine, Jakov"]
[Result "1/2-1/2"]
[WhiteElo "2321"]
[BlackElo "2397"]
[PlyCount "48"]
[EventDate "2018.??.??"]
[EventType "team-tourn"]

1. d4 g6 2. c4 Bg7 3. e4 Nc6 4. Nf3 d6 5. d5 Nb8 6. Nc3 Nf6 7. h3 a5 8. Be3 Na6
9. Be2 O-O 10. O-O Nc5 11. Qc2 Nfd7 12. Rad1 Qe8 13. Nd4 e5 14. dxe6 fxe6 15.
Ndb5 Na6 16. a3 b6 17. Rb1 Bb7 18. b4 axb4 19. axb4 Qe7 20. Rfd1 Ne5 21. Na4
Nc6 22. Qd2 Naxb4 23. Rxb4 Nxb4 24. Qxb4 Bxe4 1/2-1/2

[Event "BL 1718 SV Mülheim Nord - Schachfreund"]
[Site "?"]
[Date "2018.04.29"]
[Round "13.1"]
[White "Piorun, Kacper"]
[Black "Tregubov, Pavel V"]
[Result "1/2-1/2"]
[WhiteElo "2642"]
[BlackElo "2579"]
[PlyCount "80"]
[EventDate "2018.??.??"]
[EventType "team-tourn"]

1. e4 e5 2. Nf3 Nf6 3. Nxe5 d6 4. Nf3 Nxe4 5. d4 d5 6. Bd3 Bd6 7. O-O O-O 8. c4
c6 9. Qc2 Na6 10. a3 f5 11. b4 Nc7 12. Nc3 Qe8 13. c5 Be7 14. Ne2 Bf6 15. Bb2
Ne6 16. Rae1 Qe7 17. b5 g6 18. Nc1 Bd7 19. a4 Rfc8 20. bxc6 Bxc6 21. Bb5 b6 22.
Bxc6 Rxc6 23. Nd3 bxc5 24. dxc5 Bxb2 25. Qxb2 N6xc5 26. Qd4 Qd6 27. Nb4 Nb3 28.
Qxd5+ Qxd5 29. Nxd5 Rd6 30. Nc7 Rc8 31. Nb5 Rd7 32. Re3 Nbc5 33. Ra1 a6 34. Nc3
Rcd8 35. g3 Rd3 36. Rxd3 Rxd3 37. Nxe4 Nxe4 38. Ne5 Rd2 39. f4 a5 40. Rc1 Ra2
1/2-1/2

[Event "BL 1718 SV Mülheim Nord - Schachfreund"]
[Site "?"]
[Date "2018.04.29"]
[Round "13.2"]
[White "Fridman, Daniel"]
[Black "Mista, Aleksander"]
[Result "1/2-1/2"]
[WhiteElo "2639"]
[BlackElo "2589"]
[PlyCount "114"]
[EventDate "2018.??.??"]
[EventType "team-tourn"]

1. Nf3 c5 2. c4 Nc6 3. Nc3 Nf6 4. g3 d5 5. d4 e6 6. cxd5 Nxd5 7. Bg2 cxd4 8.
Nxd4 Nxc3 9. bxc3 Nxd4 10. Qxd4 Qxd4 11. cxd4 Bd6 12. a4 Rb8 13. Ba3 Ke7 14.
Bxd6+ Kxd6 15. a5 Bd7 16. Kd2 Rhc8 17. Rhb1 Bc6 18. e4 f5 19. Ke3 fxe4 20. Rc1
Rf8 21. Rc2 b5 22. Rac1 Bd7 23. Bxe4 b4 24. Bxh7 b3 25. Rb2 Rh8 26. Bd3 Rxh2
27. Be2 Bc6 28. Bf3 Bxf3 29. Kxf3 Rh5 30. Rc3 Rhb5 31. Ke4 g5 32. f3 Rb4 33. f4
g4 34. Rc5 R8b5 35. Rc3 a6 36. Rd3 Rb8 37. Rc3 R8b7 38. Rc5 R7b5 39. Rc3 e5 40.
fxe5+ Rxe5+ 41. Kd3 Rd5 42. Rcxb3 Rdxd4+ 43. Ke3 Re4+ 44. Kf2 Kc5 45. Rxb4 Rxb4
46. Ra2 Re4 47. Rb2 Ra4 48. Rb6 Rxa5 49. Rg6 Ra4 50. Ke3 a5 51. Rg5+ Kd6 52.
Rg6+ Ke5 53. Rg5+ Ke6 54. Rb5 Ra1 55. Kf4 Ra4+ 56. Ke3 Ra3+ 57. Kf4 Ra4+
1/2-1/2

[Event "BL 1718 SV Mülheim Nord - Schachfreund"]
[Site "?"]
[Date "2018.04.29"]
[Round "13.3"]
[White "Tomczak, Jacek"]
[Black "Landa, Konstantin"]
[Result "1/2-1/2"]
[WhiteElo "2583"]
[BlackElo "2614"]
[PlyCount "71"]
[EventDate "2018.??.??"]
[EventType "team-tourn"]

1. e4 e5 2. Nf3 Nf6 3. Nxe5 d6 4. Nf3 Nxe4 5. c4 Be7 6. d4 Ng5 7. Nc3 Bg4 8.
Be2 Nxf3+ 9. Bxf3 Bxf3 10. Qxf3 Nc6 11. Be3 O-O 12. h4 Qd7 13. h5 Rae8 14.
O-O-O Bd8 15. Bf4 f5 16. c5 dxc5 17. dxc5 Qf7 18. Qd5 Bf6 19. Qxf7+ Rxf7 20.
Nd5 Bd4 21. Rd2 Bxc5 22. Bxc7 Nb4 23. Nxb4 Bxb4 24. Rc2 Rfe7 25. Rd1 Rc8 26.
Bg3 Rxc2+ 27. Kxc2 Re2+ 28. Kb3 Be7 29. Rc1 Bf6 30. Rc2 Rxc2 31. Kxc2 Kf7 32.
b3 Ke6 33. f3 g6 34. hxg6 hxg6 35. Kd3 Kd5 36. Bf2 1/2-1/2

[Event "BL 1718 SV Mülheim Nord - Schachfreund"]
[Site "?"]
[Date "2018.04.29"]
[Round "13.4"]
[White "Beerdsen, Thomas"]
[Black "Schneider, Ilja"]
[Result "1/2-1/2"]
[WhiteElo "2447"]
[BlackElo "2513"]
[PlyCount "64"]
[EventDate "2018.??.??"]
[EventType "team-tourn"]

1. e4 d5 2. exd5 Qxd5 3. Nc3 Qa5 4. d4 Nf6 5. Bc4 Nc6 6. Nge2 Bg4 7. f3 Be6 8.
Bb5 O-O-O 9. Bxc6 bxc6 10. O-O Bc4 11. Qe1 e5 12. Be3 Bb4 13. Qf2 Bxc3 14. bxc3
Nd5 15. Rfe1 Rhe8 16. Ng3 Nxc3 17. dxe5 Rxe5 18. Bd2 Red5 19. Bxc3 Qxc3 20.
Qxa7 Ra5 21. Qe3 Qxe3+ 22. Rxe3 Rxa2 23. Rxa2 Bxa2 24. Kf2 Be6 25. Ne4 Bf5 26.
Nc5 Bxc2 27. Ra3 Kb8 28. Ra2 Bg6 29. Rb2+ Kc8 30. Ra2 Kb8 31. Rb2+ Kc8 32. Ra2
Kb8 1/2-1/2

[Event "BL 1718 SV Mülheim Nord - Schachfreund"]
[Site "?"]
[Date "2018.04.29"]
[Round "13.5"]
[White "Schreiner, Peter"]
[Black "Feygin, Michael"]
[Result "1/2-1/2"]
[WhiteElo "2465"]
[BlackElo "2502"]
[PlyCount "63"]
[EventDate "2018.??.??"]
[EventType "team-tourn"]

1. Nf3 d5 2. d4 Nf6 3. c4 e6 4. g3 Bb4+ 5. Bd2 a5 6. Bg2 O-O 7. O-O dxc4 8. a3
Bxd2 9. Nbxd2 b5 10. b3 c3 11. Nb1 Bb7 12. Nxc3 b4 13. axb4 axb4 14. Rxa8 Bxa8
15. Na4 Nbd7 16. Qd2 Bd5 17. Qxb4 Qb8 18. Qxb8 Rxb8 19. Ne5 Bxb3 20. Nxd7 Nxd7
21. Bc6 Bxa4 22. Bxa4 Nf6 23. Bc6 Kf8 24. Rc1 Ke7 25. Bf3 Kd8 26. h4 Rb2 27.
Rc5 h6 28. Ra5 Rc2 29. g4 Ke7 30. Kg2 Nd7 31. e3 c5 32. dxc5 1/2-1/2

[Event "BL 1718 SV Mülheim Nord - Schachfreund"]
[Site "?"]
[Date "2018.04.29"]
[Round "13.6"]
[White "Zelbel, Patrick"]
[Black "Baldauf, Marco"]
[Result "1/2-1/2"]
[WhiteElo "2440"]
[BlackElo "2481"]
[PlyCount "64"]
[EventDate "2018.??.??"]
[EventType "team-tourn"]

1. e4 c6 2. d4 d5 3. exd5 cxd5 4. Bd3 Nc6 5. c3 Nf6 6. Bf4 Bg4 7. Qb3 Na5 8.
Qa4+ Bd7 9. Qc2 Qb6 10. Qe2 Bg4 11. f3 Bh5 12. Nh3 Bg6 13. Nf2 e6 14. g4 Bd6
15. Bxd6 Qxd6 16. h4 O-O-O 17. h5 Bxd3 18. Nxd3 Nd7 19. Nd2 f6 20. f4 Rhe8 21.
O-O-O e5 22. fxe5 fxe5 23. dxe5 Nxe5 24. Nxe5 Rxe5 25. Qd3 Qh6 26. Kb1 Nc6 27.
Rhe1 Qf4 28. Rxe5 Nxe5 29. Qxh7 Nxg4 30. Nb3 Ne3 31. Rg1 Nf5 32. Qg6 Qe4+
1/2-1/2

[Event "BL 1718 SV Mülheim Nord - Schachfreund"]
[Site "?"]
[Date "2018.04.29"]
[Round "13.7"]
[White "Abel, Dennes"]
[Black "Hausrath, Daniel"]
[Result "1-0"]
[WhiteElo "2473"]
[BlackElo "2503"]
[PlyCount "99"]
[EventDate "2018.??.??"]
[EventType "team-tourn"]

1. b3 e5 2. Bb2 Nc6 3. e3 Nf6 4. Bb5 Bd6 5. Ne2 O-O 6. Ng3 Re8 7. O-O a6 8.
Bxc6 dxc6 9. e4 Bg4 10. f3 Bd7 11. Nc3 h5 12. Nce2 h4 13. Nh1 Nh5 14. Nf2 Qg5
15. d3 Rad8 16. Bc1 Qg6 17. Kh1 Ng3+ 18. Nxg3 hxg3 19. hxg3 Qxg3 20. Qe1 Qh4+
21. Kg1 Bc5 22. Be3 Bxe3 23. Qxe3 Re6 24. Nd1 Rh6 25. Qe1 Qh2+ 26. Kf2 Qh4+ 27.
Ke2 Qg5 28. Ne3 g6 29. Qa5 b6 30. Qxa6 f5 31. Qc4+ Kg7 32. exf5 gxf5 33. f4
Qh5+ 34. Kd2 e4 35. Qd4+ Kf7 36. Rh1 Qxh1 37. Rxh1 Rxh1 38. Nxf5 Rh7 39. Qxe4
Kf8 40. Qe5 Bxf5 41. Qxf5+ Rf7 42. Qg5 Rd6 43. g4 Rg7 44. Qh4 c5 45. f5 Kg8 46.
g5 Rh7 47. Qe4 Rh2+ 48. Kc1 Kf7 49. g6+ Kf6 50. g7 1-0

[Event "BL 1718 SV Mülheim Nord - Schachfreund"]
[Site "?"]
[Date "2018.04.29"]
[Round "13.8"]
[White "Dinstuhl, Volkmar"]
[Black "Schmidek, Emil"]
[Result "1/2-1/2"]
[WhiteElo "2384"]
[BlackElo "2389"]
[PlyCount "53"]
[EventDate "2018.??.??"]
[EventType "team-tourn"]

1. c4 Nf6 2. Nc3 d5 3. cxd5 Nxd5 4. g3 g6 5. Bg2 Nxc3 6. bxc3 Bg7 7. Nf3 O-O 8.
O-O c5 9. Rb1 Nc6 10. Qa4 Qa5 11. Qxa5 Nxa5 12. d4 b6 13. Ng5 Bb7 14. dxc5 h6
15. Nf3 Be4 16. Rb4 Bd5 17. Ne1 Bxg2 18. Kxg2 Bxc3 19. Rb5 Rfc8 20. Nd3 Kg7 21.
Bf4 g5 22. Rc1 Bd4 23. Bd2 Nb7 24. cxb6 Bxb6 25. Rbb1 Nd6 26. Bb4 Kf6 27. Bc5
1/2-1/2

[Event "BL 1718 SK Norderstedt - FC Bayern Mün"]
[Site "?"]
[Date "2018.04.29"]
[Round "13.1"]
[White "Dragnev, Valentin"]
[Black "Olszewski, Michal"]
[Result "1-0"]
[WhiteElo "2482"]
[BlackElo "2538"]
[PlyCount "81"]
[EventDate "2018.??.??"]
[EventType "team-tourn"]

1. d4 Nf6 2. c4 e6 3. Nf3 b6 4. g3 Ba6 5. b3 b5 6. Nbd2 c5 7. e4 bxc4 8. bxc4
cxd4 9. e5 Ng4 10. h3 Nh6 11. Bg2 Nc6 12. O-O Nf5 13. Qa4 Qa5 14. Qxa5 Nxa5 15.
Nxd4 Rc8 16. Nxf5 exf5 17. Rd1 Be7 18. Nf3 Nxc4 19. Rb1 Bc5 20. Bf1 Bb6 21. Nd4
g6 22. Bh6 f6 23. Bg7 fxe5 24. Nxf5 gxf5 25. Bxh8 Rc5 26. Rdc1 Bc7 27. Bd3 e4
28. Bd4 Rc6 29. Be2 Bb6 30. Bxb6 axb6 31. Rb4 d5 32. Rd1 Rc5 33. Bxc4 Bxc4 34.
Rxb6 Be2 35. Rdb1 d4 36. Rb7 Bd3 37. R1b6 Rc1+ 38. Kh2 e3 39. Rxh7 Rc8 40. fxe3
dxe3 41. Re6+ 1-0

[Event "BL 1718 SK Norderstedt - FC Bayern Mün"]
[Site "?"]
[Date "2018.04.29"]
[Round "13.2"]
[White "Trent, Lawrence"]
[Black "Studer, Noel"]
[Result "1/2-1/2"]
[WhiteElo "2440"]
[BlackElo "2463"]
[PlyCount "98"]
[EventDate "2018.??.??"]
[EventType "team-tourn"]

1. e4 e6 2. d4 d5 3. Nd2 c5 4. exd5 Qxd5 5. dxc5 Qxc5 6. Ngf3 Nf6 7. Bd3 Nbd7
8. O-O Be7 9. a4 Qc7 10. Nb3 O-O 11. a5 Re8 12. Ra4 e5 13. Rc4 Qb8 14. Re1 b5
15. Rh4 Bb7 16. Ng5 Nf8 17. Bxb5 Rd8 18. Qe2 h6 19. Nf3 Ng6 20. Rh3 a6 21. Bc4
e4 22. Nh4 Nxh4 23. Rxh4 Qe5 24. c3 h5 25. Bf4 Qf5 26. Nd4 Rxd4 27. cxd4 g5 28.
Bxg5 Qxg5 29. Rh3 Bd6 30. Rb3 Bc8 31. Rb6 Bf4 32. h4 Qg7 33. b4 Bh3 34. Qf1 Kh8
35. Kh1 Bf5 36. Qe2 Rg8 37. Rg1 Bg4 38. Qf1 Ne8 39. Be2 Qxd4 40. Bxg4 Rxg4 41.
g3 e3 42. fxe3 Qxe3 43. Qe1 Qf3+ 44. Rg2 Be3 45. Qe2 Qe4 46. Rxa6 Ng7 47. Qc2
Qf3 48. Qe2 Qe4 49. Qc2 Qf3 1/2-1/2

[Event "BL 1718 SK Norderstedt - FC Bayern Mün"]
[Site "?"]
[Date "2018.04.29"]
[Round "13.3"]
[White "Bischoff, Klaus"]
[Black "Ostrovskiy, Andrey"]
[Result "1-0"]
[WhiteElo "2511"]
[BlackElo "2434"]
[PlyCount "89"]
[EventDate "2018.??.??"]
[EventType "team-tourn"]

1. c4 Nf6 2. Nc3 e6 3. Nf3 Bb4 4. Qc2 O-O 5. e3 a5 6. b3 b6 7. Bb2 Bb7 8. Be2
Re8 9. a3 Bxc3 10. Qxc3 d6 11. d3 c5 12. g4 e5 13. g5 Nfd7 14. Rg1 Nc6 15. Nd2
f5 16. gxf6 Nxf6 17. Bf3 d5 18. cxd5 Nd4 19. e4 Rf8 20. Rg3 Ne8 21. Qc1 Qf6 22.
Bxd4 cxd4 23. a4 Ba6 24. Nc4 Bxc4 25. bxc4 Nd6 26. Ke2 Nb7 27. Qg5 Nc5 28. Qxf6
Rxf6 29. Bg4 Raf8 30. f3 Rh6 31. Rg2 Rd6 32. Be6+ Nxe6 33. dxe6 Rxe6 34. Rb1
Ref6 35. Rg3 Re6 36. Rb5 h6 37. Rd5 Rf7 38. h4 g6 39. Kf2 Kg7 40. Kg2 Rc7 41.
Rg4 Rf7 42. f4 h5 43. f5 hxg4 44. fxe6 Rf3 45. Rd8 1-0

[Event "BL 1718 SK Norderstedt - FC Bayern Mün"]
[Site "?"]
[Date "2018.04.29"]
[Round "13.4"]
[White "Kopylov, Michael"]
[Black "Gabriel, Christian"]
[Result "1/2-1/2"]
[WhiteElo "2421"]
[BlackElo "2509"]
[PlyCount "40"]
[EventDate "2018.??.??"]
[EventType "team-tourn"]

1. d4 d5 2. c4 dxc4 3. e4 Nc6 4. d5 Ne5 5. Bf4 Ng6 6. Be3 e5 7. Bxc4 a6 8. Ne2
Nf6 9. f3 Bd6 10. Nd2 Bd7 11. Rc1 O-O 12. O-O Qe7 13. Nb3 Rfc8 14. Qe1 c6 15.
dxc6 Rxc6 16. Qf2 b5 17. Bd3 Rac8 18. a3 Be6 19. Rxc6 Rxc6 20. Rc1 Rxc1+
1/2-1/2

[Event "BL 1718 SK Norderstedt - FC Bayern Mün"]
[Site "?"]
[Date "2018.04.29"]
[Round "13.5"]
[White "Fedorovsky, Michael"]
[Black "Krause, Benedict"]
[Result "0-1"]
[WhiteElo "2474"]
[BlackElo "2458"]
[PlyCount "106"]
[EventDate "2018.??.??"]
[EventType "team-tourn"]

1. d4 Nf6 2. c4 g6 3. Nc3 d5 4. cxd5 Nxd5 5. Bd2 Bg7 6. e4 Nxc3 7. Bxc3 O-O 8.
Qd2 c5 9. d5 e6 10. Bxg7 Kxg7 11. Bc4 Nd7 12. d6 Ne5 13. Be2 Nc6 14. Qc3+ Qf6
15. Qxc5 Qxb2 16. Rd1 Bd7 17. Nf3 Rac8 18. Rd2 Qb1+ 19. Bd1 Qxe4+ 20. Be2 Nb4
21. Qe5+ Qxe5 22. Nxe5 Rc1+ 23. Bd1 Bb5 24. Rb2 a5 25. a3 Rc5 26. axb4 Rxe5+
27. Kd2 Rd5+ 28. Kc1 Rc8+ 29. Kb1 Rxd6 30. bxa5 Bd3+ 31. Bc2 Rxc2 32. Rxc2 Rd5
33. Kc1 Bxc2 34. Kxc2 Rxa5 35. Kd3 Ra2 36. Ke3 Rb2 37. Rc1 b5 38. Rc7 b4 39.
Rb7 b3 40. g4 g5 41. h3 Rb1 42. Kf3 h6 43. Rb5 Kf6 44. Kg2 Ke7 45. Rb7+ Kd6 46.
Rxf7 Kc5 47. Rb7 Kc4 48. Rb6 Re1 49. Rc6+ Kd3 50. Rb6 Kc2 51. Rc6+ Kb1 52. f4
gxf4 53. Kf2 Re3 0-1

[Event "BL 1718 SK Norderstedt - FC Bayern Mün"]
[Site "?"]
[Date "2018.04.29"]
[Round "13.6"]
[White "Parvanyan, Ashot"]
[Black "Schneider, Stefan"]
[Result "1/2-1/2"]
[WhiteElo "2383"]
[BlackElo "2404"]
[PlyCount "43"]
[EventDate "2018.??.??"]
[EventType "team-tourn"]

1. Nf3 d5 2. g3 Bg4 3. Bg2 c6 4. c4 e6 5. O-O Nf6 6. d3 Nbd7 7. cxd5 exd5 8.
Nc3 Bd6 9. Qc2 O-O 10. e4 Re8 11. Nh4 Nc5 12. h3 Bh5 13. Be3 Ne6 14. Nf5 Bf8
15. exd5 Nxd5 16. Nxd5 cxd5 17. Nd4 Rc8 18. Qb3 Nc5 19. Qxd5 Bg6 20. b4 Nxd3
21. Qxd8 Rcxd8 22. a3 1/2-1/2

[Event "BL 1718 SK Norderstedt - FC Bayern Mün"]
[Site "?"]
[Date "2018.04.29"]
[Round "13.7"]
[White "Ribli, Zoltan"]
[Black "Powierski, Emil"]
[Result "1-0"]
[WhiteElo "2536"]
[BlackElo "2329"]
[PlyCount "47"]
[EventDate "2018.??.??"]
[EventType "team-tourn"]

1. Nf3 Nf6 2. g3 c5 3. c4 Nc6 4. Nc3 g6 5. Bg2 Bg7 6. d4 cxd4 7. Nxd4 O-O 8.
O-O d6 9. Nxc6 bxc6 10. Bxc6 Rb8 11. Bg2 Qa5 12. Qc2 Bb7 13. e4 Rfc8 14. Nd1 d5
15. Bf4 Ra8 16. exd5 Nxd5 17. Bd2 Qb6 18. Qe4 Ba6 19. cxd5 Bxf1 20. Bxf1 Bf6
21. Bc3 Bxc3 22. bxc3 Qc5 23. Rb1 Rab8 24. c4 1-0